| 000 | 00563cab a2200181 4500 | ||
|---|---|---|---|
| 001 | ABS43263 | ||
| 008 | 090401t1990 xxu||||| |||| 00| 0 eng d | ||
| 035 | _a(Sirsi) u41124 | ||
| 041 | _aeng | ||
| 245 | _aProperty management | ||
| 260 | _c1990 | ||
| 350 | _a0 | ||
| 490 |
_aEstates Times _v(1059) 10 August 1990, 9-15(6) |
||
| 520 | _aProperty management of industrial property by London Industrial and of secondary properties are subjects covered by this Estates Times survey . | ||
| 690 |
_aProject management _96261 |
||
| 942 | _n0 | ||
| 948 | _c04/03/1997 | ||
| 999 |
_c26408 _d26408 |
||